| Tag |
First Indicator |
Second Indicator |
Subfields |
| LEADER |
00000cim a2200000Ka 4500 |
| 001 |
in00002346843 |
| 005 |
20151108064607.0 |
| 007 |
sd fungnn|||uu |
| 008 |
071130s2007 orunnnn f n eng d |
| 019 |
|
|
|a 154698380
|
| 020 |
|
|
|a 143320343X
|
| 020 |
|
|
|a 9781433203435
|
| 028 |
0 |
2 |
|a Z4400
|b Blackstone Audio
|
| 028 |
0 |
2 |
|a ZE4400
|b Blackstone Audio
|
| 035 |
|
|
|a (OCoLC)ocn182631353
|
| 035 |
|
|
|a (OCoLC)182631353
|z (OCoLC)154698380
|
| 040 |
|
|
|a GZD
|c GZD
|d IBI
|d BTCTA
|d BAKER
|d TXA
|d UtOrBLW
|
| 049 |
|
|
|a TXAM
|
| 090 |
|
|
|a PS3568.A699
|b S94 2007
|
| 100 |
1 |
|
|a Rasovsky, Yuri.
|
| 245 |
1 |
0 |
|a Sweeney Todd and the string of pearls :
|b [an audio melodrama in three despicable acts] /
|c Yuri Rasovsky.
|
| 264 |
|
1 |
|a Ashland, OR :
|b Blackstone Audiobooks,
|c [2007]
|
| 264 |
|
4 |
|c ℗2007
|
| 300 |
|
|
|a 2 sound discs (2.5 hrs.) :
|b digital ;
|c 4 3/4 in.
|
| 336 |
|
|
|a spoken word
|b spw
|2 rdacontent
|
| 337 |
|
|
|a audio
|b s
|2 rdamedia
|
| 338 |
|
|
|a audio disc
|b sd
|2 rdacarrier
|
| 500 |
|
|
|a Subtitle from container.
|
| 511 |
0 |
|
|a Read by a full cast.
|
| 500 |
|
|
|a Unabridged.
|
| 500 |
|
|
|a Compact discs.
|
| 500 |
|
|
|a "The Hollywood Theater of the Ear."
|
| 500 |
|
|
|a "Based loosely on: The string of pearls: a romance (1846), attributed to Thomas Prest"--Container.
|
| 520 |
|
|
|a Sweeney Todd's shop stood next to St. Dunstan's Church just a few blocks from the Royal Courts of Justice. On this site, he robbed and murdered hundreds of customers. To dispose of their remains, he carried them to an underground bakery of one Mrs. Lovett, whose pie shop was a few blocks away. She ground the cadavers into stuffing for her meat pies, the favorite mid-day repast of the lawyers who worked nearby and who got their shaves from Sweeney Todd. The man you lunched with yesterday could be your lunch today!
|
| 500 |
|
|
|a Sound recording.
|
| 650 |
|
0 |
|a Serial murderers
|z England
|v Fiction.
|
| 655 |
|
7 |
|a Audiobooks.
|2 lcgft
|
| 655 |
|
7 |
|a Horror plays.
|2 gsafd
|
| 700 |
1 |
|
|a Prest, Thomas Peckett.
|t String of pearls.
|
| 710 |
2 |
|
|a Hollywood Theater of the Ear.
|
| 710 |
2 |
|
|a Blackstone Audiobooks.
|
| 938 |
|
|
|a Baker and Taylor
|b BTCP
|n BK0007245641
|
| 938 |
|
|
|a Baker & Taylor
|b BKTY
|c 19.95
|d 14.96
|i 143320343X
|n 0007245641
|s active
|
| 948 |
|
|
|a cataloged
|b h
|c 2008/1/15
|d c
|e ceaton
|f 11:33:59 am
|
| 994 |
|
|
|a C0
|b TXA
|
| 999 |
|
|
|a MARS
|
| 999 |
f |
f |
|s a816ccaa-887d-320f-b71a-8f6bdfea42b4
|i f0e48700-7265-3325-8443-71ee6f5665c6
|t 0
|
| 952 |
f |
f |
|p ric
|a Texas A&M University
|b Rellis Campus
|c Joint Library Facility
|d Remote Storage
|t 0
|e PS3568.A699 S94 2007
|h Library of Congress classification
|i audio -- audio disc
|m A14836909938
|
| 998 |
f |
f |
|a PS3568.A699 S94 2007
|t 0
|l Remote Storage
|